Kinderserien erkennen - Statistiken

Allgemein
  • Dieses Quiz wurde 6.886 mal gespielt
  • Das Durchschnittsergebnis liegt bei 8 aus 15
Antwortstatistiken
Lyrics Kinderserie % Korrekt
____, ____, deine Welt sind die Berge. ____, ____, denn hier oben bist du zu Haus. Dunkle Tannen, grüne Wiesen im Sonnenlicht. (…) Heidi
96%
________, lieber ________, es ist noch nicht soweit, Wir sehen erst den Abendgruß, Ehe jedes Kind ins Bettchen muss, Du hast gewiss noch Zeit! Sandmännchen
74%
Mutig und freundlich, so tapfer und gläubig, fröhlich und frech kämpfen sie auch für dich. Leben im Wald unter Bäumen und Steinen in ihren Höhlen da sind sie zu Haus. Gummibärenbande
71%
___ ________, ___ ________ fliegt mit den Gänsen davon. Nils Holgersson
70%
In einem unbekannten Land, vor gar nicht allzu langer Zeit. War eine _____ sehr bekannt, von der sprach alles weit und breit. Biene Maja
69%
Ich will der allerbeste sein, wie keiner vor mir war. Ganz allein fang ich sie mir ich kenne die Gefahr. Ich streife durch das ganze Land, ich suche weit und breit. Das _______ um zu verstehen, was ihm diese Macht verleiht Pokemon
68%
Alles ist alles ist relativ normal, alles ist alles ist uns manchmal echt egal, selbst ______ hatte nur ‘ne Vier in Mathe und war später mal total genial. Schloss Einstein
58%
Ich bin schon groß und vier, komm doch und spiel mit mir. Ich lad dich ein, ich bin _______. Groß ist die Welt und schön, es gibt so viel zu sehn‘, viel zu entdecken mit ________ Caillou
54%
Sag das Zauberwort und du hast die macht, halt den Mondstein fest und spür die Kraft, du kannst es tun, oh _____ ____. Kämpfe für den Sieg über Dunkelheit, folge deinen Traum von Gerechtigkeit, du kannst es tun, oh _____ ____. Sailor Moon
44%
Leb deinen Traum, denn er wird wahr. Geh deinen Weg, stelle dich der Gefahr. Alles was wichtig ist wirst du erkennen wenn die Zeit gekommen ist, ja. Greif nach den Sternen, du bist bereit. Glaub an dich, bald ist es so weit. Wir werden bei dir sein. Sei bereit Digimon
38%
Räuber, Diebe gehn' auf Ganoventour, doch zwei ganz liebe sind schon auf Ihrer Spur, ist der Fall auch schwer, der Weg auch weit, sie sind steht's für dich bereit. Chip und Chap
35%
Turbulent wie ein Hurrikan, hier kommt_______ ___. Wer verhilft zum Happyend? Es sind ___, ____ und ____ Duck Tales
34%
Leb' deine Träume, Sie werden dich leiten, Glaub an die Macht, die in dir lebt. Vertraue den Freunden, an deiner Seite. Finde den richtigen Weg. Heller als Licht, leuchtet dein Zauber! Reine Magie, die immer gewinnt! Hör auf dein Herz, Du hast die Macht der ____ Winx Club
31%
Ich möchte ein ________ sein, das wäre wunderbar. Ein ________ sein, das ist doch sonnenklar. Alles tun was ein __________ tut. Ein ________ möcht' ich sein so wie du Glücksbärchis
23%
Rein spaziert ins ____ ____. Ja da wohnt die kleine Maus. Da gibt’s Spaß, freut euch das? Hier wohnt auch ein großer Bär. Wisst ihr was? Nicht nur der. Ja genau, ja genau. Der Bär im großen blauen Haus
17%
Keine übereinstimmenden Quizze gefunden
Verteilung der Resultate
Anzahl Personen mit jedem Resultat
Perzentil nach korrekt beantworteten Fragen
Ihre Resultats-Entwicklung
Sie haben dieses Quiz noch nicht gespielt